000 00467cam a2200181ua 4500
001 3396
008 111022n ii |||gr||||Z||||||asm
040 _cMAIN
082 _a891.4513
100 1 _aBuragohain, Pratash Lata,
245 1 1 _aHridoy nodit dhou
_cby Pratash Lata Buragohain
250 _a1st.
260 _aDibrugarh:
_bIndrani Prakash,994.
300 _a100p:
_c23cm.
653 _aAssamese short stories
653 _aCirakaler galpa kotha
942 _cBK
999 _c3240
_d3240